El psicoanálisis y las fronteras de la medicina : (Registro nro. 3316)

Detalles MARC
000 -CABECERA
campo de control de longitud fija 01167nam a2200325 4500
001 - NÚMERO DE CONTROL
campo de control bimo0000199544
003 - IDENTIFICADOR DEL NÚMERO DE CONTROL
campo de control AR-RoIUNI
005 - FECHA Y HORA DE LA ÚLTIMA TRANSACCIÓN
campo de control 20241122062650.0
007 - CAMPO FIJO DE DESCRIPCIÓN FÍSICA--INFORMACIÓN GENERAL
campo de control de longitud fija ta
008 - DATOS DE LONGITUD FIJA--INFORMACIÓN GENERAL
campo de control de longitud fija 880729s1985 sp r 001 spa d
016 7# - NÚMERO DE CONTROL DE UNA AGENCIA BIBLIOGRÁFICA NACIONAL
Número de control del registro bimoBNE19921144505
Número de control de registro cancelado o inválido IBH8605101811
Fuente SpMaBN
017 ## - NÚMERO DE COPYRIGHT O DE DEPÓSITO LEGAL
Número de copyright o de depósito legal B 31258-1985
Agencia que asigna Oficina Depósito Legal Barcelona
020 ## - NÚMERO INTERNACIONAL ESTÁNDAR DEL LIBRO
Número Internacional Estándar del Libro 8434410451
035 ## - NÚMERO DE CONTROL DEL SISTEMA
Número de control de sistema (OCoLC)434058921
040 ## - FUENTE DE LA CATALOGACIÓN
Centro catalogador/agencia de origen IBH
Centro/agencia transcriptor AR-RoIUNI
041 1# - CÓDIGO DE LENGUA
Código de lengua del texto/banda sonora o título independiente spa
Código de lengua original fre
080 ## - NÚMERO DE LA CLASIFICACIÓN DECIMAL UNIVERSAL
Número de la Clasificación Decimal Universal 159.964.2:61
100 1# - ENTRADA PRINCIPAL--NOMBRE DE PERSONA
Nombre de persona Raimbault, Ginette
245 13 - MENCIÓN DE TÍTULO
Título El psicoanálisis y las fronteras de la medicina :
Resto del título clínica de lo real /
Mención de responsabilidad, etc. Ginette Raimbault.
250 ## - MENCIÓN DE EDICIÓN
Mención de edición [1a ed.]
260 ## - PUBLICACIÓN, DISTRIBUCIÓN, ETC. (PIE DE IMPRENTA)
Lugar de publicación, distribución, etc. Barcelona :
Nombre del editor, distribuidor, etc. Ariel,
Fecha de publicación, distribución, etc. 1985.
300 ## - DESCRIPCIÓN FÍSICA
Extensión 187 p. ;
Dimensiones 20 cm.
490 0# - MENCIÓN DE SERIE
Mención de serie Ariel psicología ;
Designación de volumen o secuencia 48
500 ## - NOTA GENERAL
Nota general Traducción de: Clinique du réel
505 0# - NOTA DE CONTENIDO CON FORMATO
Nota de contenido con formato El psicoanalista entre médicos -- Un síndrome de turner: una identidad discutida -- Simon, un enanismo psicosocial -- Artificios para un cuerpo, y palabras para una vida -- Sin hambre, sin amor y sin tregua -- Mors certa, hora certa.
650 #4 - PUNTO DE ACCESO ADICIONAL DE MATERIA--TÉRMINO DE MATERIA
Término de materia o nombre geográfico como elemento inicial PSICOLOGÍA
9 (RLIN) 108
650 #4 - PUNTO DE ACCESO ADICIONAL DE MATERIA--TÉRMINO DE MATERIA
Término de materia o nombre geográfico como elemento inicial PSICOANÁLISIS
650 #0 - PUNTO DE ACCESO ADICIONAL DE MATERIA--TÉRMINO DE MATERIA
Término de materia o nombre geográfico como elemento inicial Medicina
9 (RLIN) 58
942 ## - ELEMENTOS DE PUNTO DE ACCESO ADICIONAL (KOHA)
Fuente del sistema de clasificación o colocación Clasificación Decimal Universal
Tipo de ítem Koha Libros
Existencias
Estado de retiro Estado de pérdida Fuente del sistema de clasificación o colocación Estado dañado Excepción de préstamo Código de colección Localización permanente Ubicación/localización actual Ubicación en estantería Fecha de adquisición Número de inventario Total de préstamos Signatura topográfica completa Código de barras Fecha visto por última vez Número de copia Precio válido a partir de Tipo de ítem Koha Nota pública
    Clasificación Decimal Universal     Psicología BIBLIOTECA RIOBAMBA BIBLIOTECA RIOBAMBA BIBLIOTECA RIOBAMBA 22/08/2016 3414   159.964.2:61 RAI 3414 23/09/2016 1 23/09/2016 Libros Donación Pablo Zöpke